[Event "EU-ch Seniors (Women) 12th"]
[Site "Kaunas"]
[Date "2012.08.18"]
[Round "1"]
[White "Tsifanskaya, Ludmila A"]
[Black "Shmyreva, Tatiana"]
[Result "1-0"]
[WhiteElo "2133"]
[BlackElo "1709"]
[PlyCount "85"]
[EventDate "2012.08.18"]
[EventType "swiss"]
[EventRounds "9"]
[EventCountry "LTU"]
[SourceTitle "CBM 150 Extra"]
[Source "ChessBase"]
[SourceDate "2012.10.19"]
[SourceVersion "1"]
[SourceVersionDate "2012.10.19"]
[SourceQuality "1"]

1. Nf3 d5 2. g3 c6 3. Bg2 Nd7 4. 0-0 e5 5. d3 Bd6 6. c3 Ne7 7. e4 0-0 8. Nbd2 Nc5 9. Qc2 Bg4 10. b4 Ne6 11. Re1 d4 12. cxd4 exd4 13. a3 a5 14. bxa5 Qxa5 15. h3 Bh5 16. Nc4 Qd8 17. Nxd6 Qxd6 18. Nh4 Ra5 19. Qd2 Qc7 20. g4 Bg6 21. f4 Nc5 22. Qc2 f6 23. Bd2 Rb5 24. a4 Nxa4 25. Qxa4 Rb2 26. Ra2 b5 27. Qa3 Rxa2 28. Qxa2+ Bf7 29. Qb2 Qb6 30. Ra1 c5 31. Nf3 Nc6 32. Kh1 Rb8 33. g5 fxg5 34. Nxg5 c4 35. Nxf7 Kxf7 36. e5 Ke6 37. Bb4 g6 38. Bd6 Rb7 39. Qe2 h5 40. dxc4 b4 41. c5 Qb5 42. Qxb5 Rxb5 43. Bxc6 1-0

[Event "Moscow op (Women)"]
[Site "Moscow"]
[Date "2012.01.28"]
[Round "1"]
[White "Bivol, Alina"]
[Black "Shmyreva, Tatiana"]
[Result "1-0"]
[WhiteElo "2148"]
[BlackElo "1730"]
[PlyCount "41"]
[EventDate "2012.01.28"]
[EventType "swiss"]
[EventRounds "9"]
[EventCountry "RUS"]
[SourceTitle "CBM 146 Extra"]
[Source "ChessBase"]
[SourceDate "2012.02.29"]
[SourceVersion "1"]
[SourceVersionDate "2012.02.29"]
[SourceQuality "1"]

1. e4 c5 2. c3 d6 3. d4 cxd4 4. cxd4 Nf6 5. Nc3 e6 6. Nf3 a6 7. Bd3 Be7 8. 0-0 0-0 9. Qc2 g6 10. e5 Nh5 11. exd6 Qxd6 12. Ne4 Qc6 13. Qe2 f5 14. Nc3 Bf6 15. Bh6 Bg7 16. Bxg7 Nxg7 17. Rac1 Qd6 18. d5 exd5 19. Nxd5 Nc6 20. Bc4 Be6 21. Rfd1 1-0

[Event "RUS-ch Seniors (Women)"]
[Site "Odintsovo"]
[Date "2011.04.22"]
[Round "4"]
[White "Shmyreva, Tatiana"]
[Black "Volskaya, Vera"]
[Result "0-1"]
[WhiteElo "1776"]
[BlackElo "1954"]
[PlyCount "124"]
[EventDate "2011.04.19"]
[EventType "swiss"]
[EventRounds "9"]
[EventCountry "RUS"]
[SourceTitle "CBM 142 Extra"]
[Source "ChessBase"]
[SourceDate "2011.06.27"]
[SourceVersion "1"]
[SourceVersionDate "2011.06.27"]
[SourceQuality "1"]

1. d4 g6 2. c4 Bg7 3. Nf3 b6 4. Nc3 Bb7 5. e4 e6 6. Be3 Nf6 7. Bd3 0-0 8. 0-0 d6 9. Qd2 Ng4 10. h3 Nxe3 11. Qxe3 c5 12. d5 exd5 13. cxd5 Re8 14. Qf4 a6 15. Ng5 Qe7 16. Nf3 Nd7 17. Nd2 b5 18. Rab1 c4 19. Bc2 Nc5 20. Ne2 Qf8 21. Qf3 Re5 22. b3 cxb3 23. Nxb3 Qe7 24. Na5 Bxd5 25. exd5 Rxe2 26. Nc6 Qe8 27. Bb3 Qe4 28. Qxe4 Rxe4 29. Rfd1 Re2 30. Kf1 Rae8 31. Re1 Rxe1+ 32. Rxe1 Rxe1+ 33. Kxe1 Bc3+ 34. Ke2 a5 35. f3 Nxb3 36. axb3 a4 37. bxa4 bxa4 38. Kd3 Bf6 39. Kc2 h5 40. Na5 Bd4 41. Nc4 Bc5 42. Kb2 h4 43. Ka2 Kg7 44. Nb2 a3 45. Nc4 Kf6 46. Nxa3 Bxa3 47. Kxa3 Ke5 48. Kb3 Kxd5 49. Kc3 Ke5 50. Kd3 Kf4 51. Kd4 Kg3 52. Kd5 Kxg2 53. Kxd6 Kxf3 54. Ke5 f5 55. Kf6 f4 56. Kg5 Kg3 57. Kxg6 f3 58. Kf5 f2 59. Ke4 f1Q 60. Kd4 Qb5 61. Kc3 Qa4 62. Kd3 Kf3 0-1

[Event "Moscow op-F (Women)"]
[Site "Moscow"]
[Date "2011.01.31"]
[Round "3"]
[White "Shmyreva, Tatiana"]
[Black "Artemenko, Rimma"]
[Result "1-0"]
[WhiteElo "1806"]
[BlackElo "1566"]
[PlyCount "69"]
[EventDate "2011.01.29"]
[EventType "swiss"]
[EventRounds "9"]
[EventCountry "RUS"]
[SourceTitle "CBM 140 Extra"]
[Source "ChessBase"]
[SourceDate "2011.03.01"]
[SourceVersion "1"]
[SourceVersionDate "2011.03.01"]
[SourceQuality "1"]

1. d4 d5 2. c4 c6 3. e3 Bf5 4. Nc3 e6 5. c5 Nf6 6. Bd3 Bg6 7. Nge2 Be7 8. 0-0 Qc7 9. Nf4 Bxd3 10. Qxd3 Nbd7 11. b4 e5 12. dxe5 Nxe5 13. Qf5 Ng6 14. Nfe2 Qe5 15. Qxe5 Nxe5 16. Nd4 g6 17. Nce2 Nc4 18. f3 0-0 19. g4 Rfe8 20. Ng3 h6 21. Re1 Bf8 22. h4 Bg7 23. Kf2 Nd7 24. b5 Bxd4 25. exd4 Rxe1 26. Kxe1 Re8+ 27. Kf2 g5 28. Nf5 Re6 29. f4 gxf4 30. Bxf4 Kh7 31. a4 Nb2 32. Ra3 Nc4 33. Rg3 Re4 34. Bxh6 f6 35. Bc1 1-0

[Event "EU-ch Seniors (Women)"]
[Site "Rogaska Slatina"]
[Date "2009.07.26"]
[Round "5"]
[White "Khropova, Larisa"]
[Black "Shmyreva, Tatiana"]
[Result "1-0"]
[WhiteElo "2060"]
[BlackElo "1814"]
[PlyCount "123"]
[EventDate "2009.07.22"]
[EventType "swiss"]
[EventRounds "9"]
[EventCountry "SLO"]
[SourceTitle "CBM 131 Extra"]
[Source "ChessBase"]
[SourceDate "2009.09.03"]
[SourceVersion "2"]
[SourceVersionDate "2009.09.16"]
[SourceQuality "1"]

1. f4 d5 2. e3 g6 3. Nf3 Bg7 4. Be2 c5 5. 0-0 Nc6 6. Bb5 e6 7. Bxc6+ bxc6 8. d3 Ne7 9. Nbd2 Qb6 10. c4 Nf5 11. Re1 a5 12. Qc2 0-0 13. g4 Nd6 14. Rb1 Rb8 15. b3 Qc7 16. a4 f6 17. Ba3 Qb6 18. d4 Nb7 19. dxc5 Qc7 20. Bb2 Rf7 21. g5 Nxc5 22. gxf6 Bxf6 23. Ne5 Rg7 24. cxd5 cxd5 25. Rbc1 Na6 26. Qb1 Qd6 27. Rc6 Qb4 28. Qc1 Qb7 29. Bd4 Nb4 30. Rb6 Qa8 31. Rxb8 Qxb8 32. Nc6 Nxc6 33. Bxf6 Rf7 34. Ba1 Qd6 35. Nf3 e5 36. Nxe5 Rc7 37. Nxc6 Rxc6 38. Qb2 Qd7 39. Qh8+ Kf7 40. Qg7+ Ke8 41. Qg8+ Ke7 42. Qxh7+ Ke8 43. Qxd7+ Bxd7 44. Bd4 Bf5 45. Re2 Be4 46. Kf2 Kd7 47. Kg3 Bc2 48. Bb6 Bxb3 49. Bxa5 Bxa4 50. Rb2 Bc2 51. Rb7+ Ke6 52. Kg4 Bf5+ 53. Kg5 Rc2 54. h4 Be4 55. Bd8 Rg2+ 56. Kh6 Rg3 57. Bb6 Kf5 58. Bd4 Kg4 59. Rb2 Kxh4 60. Bf6+ Kg4 61. Bd4 Rh3+ 62. Kg7 1-0

[Event "EU-ch Seniors (Women)"]
[Site "Rogaska Slatina"]
[Date "2009.07.25"]
[Round "4"]
[White "Shmyreva, Tatiana"]
[Black "Beliaeva, Natalia"]
[Result "0-1"]
[WhiteElo "1814"]
[BlackElo "1991"]
[PlyCount "55"]
[EventDate "2009.07.22"]
[EventType "swiss"]
[EventRounds "9"]
[EventCountry "SLO"]
[SourceTitle "CBM 131 Extra"]
[Source "ChessBase"]
[SourceDate "2009.09.03"]
[SourceVersion "2"]
[SourceVersionDate "2009.09.16"]
[SourceQuality "1"]

1. d4 c6 2. e4 d6 3. Nf3 Nf6 4. Bd3 Qc7 5. 0-0 e5 6. c3 Bg4 7. Nbd2 Nbd7 8. h3 Bh5 9. Qc2 Be7 10. Nh4 Nxe4 11. Nf5 Nxd2 12. Nxg7+ Kf8 13. Rd1 Bxd1 14. Ne6+ fxe6 15. Qxd1 e4 16. Be2 e3 17. Bd3 Nf6 18. fxe3 Nde4 19. Bxe4 Nxe4 20. Qf3+ Nf6 21. e4 Ke8 22. Bf4 Kd7 23. e5 Nd5 24. Bh2 Raf8 25. Qe4 Qb6 26. Re1 Nc7 27. b3 d5 28. Qd3 0-1

[Event "Moscow op (Women)"]
[Site "Moscow"]
[Date "2009.01.31"]
[Round "1"]
[White "Malinicheva, Lidia"]
[Black "Shmyreva, Tatiana"]
[Result "1-0"]
[WhiteElo "2068"]
[BlackElo "1400"]
[PlyCount "120"]
[EventDate "2009.01.31"]
[EventType "swiss"]
[EventRounds "9"]
[EventCountry "RUS"]
[SourceTitle "EXT 2012"]
[Source "ChessBase"]
[SourceDate "2011.11.24"]
[SourceVersion "1"]
[SourceVersionDate "2011.11.24"]
[SourceQuality "1"]

1. e4 e5 2. Nf3 Nc6 3. Bb5 d6 4. d4 exd4 5. Nxd4 Bd7 6. Bxc6 Bxc6 7. Nxc6 bxc6 8. 0-0 g6 9. Qd4 f6 10. Nc3 Bg7 11. Qc4 Ne7 12. Re1 Kd7 13. Bf4 Qg8 14. Qa4 Qe6 15. Rad1 Rhe8 16. Ne2 f5 17. Nd4 Bxd4 18. Rxd4 Nd5 19. Bd2 Nb6 20. Qa6 Qe5 21. Bc3 Qb5 22. Qxb5 cxb5 23. exf5 Rxe1+ 24. Bxe1 Re8 25. Kf1 gxf5 26. b3 Re4 27. Rd3 Ke6 28. Rh3 Kd7 29. Rxh7+ Re7 30. Rh8 Re8 31. Rh5 Rf8 32. Rh7+ Kc6 33. f3 Nd5 34. Kf2 Nf6 35. Rg7 Ne8 36. Re7 Kb6 37. h4 Nf6 38. Bd2 Nd5 39. Rg7 f4 40. h5 Rf5 41. h6 Rh5 42. c4 bxc4 43. bxc4 Nf6 44. Bxf4 Rf5 45. Be3+ Kb7 46. g4 Ra5 47. Rf7 Rxa2+ 48. Kg3 Ra3 49. Bd4 Ne4+ 50. Kh4 Nd2 51. h7 Nxf3+ 52. Rxf3 Rxf3 53. h8Q Rf1 54. Qe8 Rh1+ 55. Kg3 Rb1 56. Qe4+ Kc8 57. Qxb1 c5 58. Qf5+ Kc7 59. Bxc5 dxc5 60. Qxc5+ Kb7 1-0